Statistics for Landlocked Countries of Europe - Flag Quiz

Click here to take the quiz!

General Stats

  • This quiz has been taken 1,529 times
  • The average score is 14 of 15

Answer Stats

Answer% Correct
Switzerland
99%
Austria
97%
Czechia
97%
North Macedonia
96%
Serbia
96%
Vatican City
96%
Hungary
95%
Slovakia
95%
Kosovo
94%
Luxembourg
94%
San Marino
94%
Andorra
93%
Belarus
92%
Liechtenstein
90%
Moldova
89%

Score Distribution

Percentile by Number Answered

Percent of People with Each Score

Your Score History

You have not taken this quiz